header

Case studies in public health ethics (Record no. 125343)

MARC details
000 -LEADER
fixed length control field 02574nam a2200385 a 4500
082 04 - DEWEY DECIMAL CLASSIFICATION NUMBER
Classification number 174.2
100 1# - MAIN ENTRY--AUTHOR NAME
Personal name Coughlin, Steven S.
245 10 - TITLE STATEMENT
Title Case studies in public health ethics
250 ## - EDITION STATEMENT
Edition statement 2nd ed.
260 ## - PUBLICATION, DISTRIBUTION, ETC. (IMPRINT)
Place of publication Washington, D.C. :
Name of publisher American Public Health Association,
Year of publication c2009.
300 ## - PHYSICAL DESCRIPTION
Number of Pages vi, 139 p.
505 0# - FORMATTED CONTENTS NOTE
Formatted contents note Case analysis and moral reasoning -- Privacy and confidentiality protection -- Informed consent in public health research -- Randomized controlled trials -- Committee review and the institutional review board system -- Scientific misconduct in public health research -- Conflicting interests and research sponsorship -- Intellectual property and data sharing -- Publication and interpretation of research -- Communication responsibilities of public health professionals -- Public health practice -- Studies of vulnerable populations -- Cross-cultural research -- International health research -- Genetic research and testing -- AIDS prevention and treatment -- Allocation of scarce resources and health care reform.
520 ## - SUMMARY, ETC.
Summary, etc "This new edition covers issues of privacy and confidentiality protection, informed consent in public health research, the ethics of randomized trials, vulnerable populations, genetic discrimination, AIDS prevention and treatment, health care reform, scientific misconduct, conflicts of interest, intellectual property, and more."--Publisher's description.
650 #0 - SUBJECT ADDED ENTRY--TOPICAL TERM
Topical Term Public health
Topical Term Medical ethics
Topical Term Epidemiology
856 40 - ELECTRONIC LOCATION AND ACCESS
Uniform Resource Identifier http://site.ebrary.com/lib/rucke/Doc?id=10486826

No items available.

© 2026 Rongo University
Contact us: librarian | system librarian | Rongo university